000 00621nam a22001457a 4500
020 _a978-0-099-52978-1
082 _a823
_bRUS/M
100 _aRUSHDIE, SALMAN
245 _aMIDNIGHT'S CHILDREN
260 _aLONDON
_bVINTAGE BOOKS
_c1995
300 _a647
520 _aIt is a historical chronicle of modern India centring on the inextricably linked fates of two children who were born within the first hour of independence from Great Britain. Exactly at midnight on Aug. 15, 1947, two boys are born in a Bombay (now Mumbai) hospital, where they are switched by a nurse.
650 _aNOVEL
_zUNITED KINGDOM
942 _cBK
999 _c3866
_d3866